Ressenya d'activitats 2002 / Gabinet de Relacions Internacionals
Descripción Física:
67 p. : il. col., taules, gràfics ; 30 cm
MARC
| LEADER | 00000nam a2200000Ia 4500 | ||
|---|---|---|---|
| 001 | 15830 | ||
| 008 | 160829s9999 xx 000 0 cat d | ||
| 080 | |a C-2-320 | ||
| 110 | 1 | |a Barcelona (Catalunya : Província). |b Gabinet de Relacions Internacionals |9 13543 | |
| 245 | |a Ressenya d'activitats 2002 / Gabinet de Relacions Internacionals | ||
| 260 | |a [Barcelona] : |b el Gabinet, [2003] | ||
| 300 | |a 67 p. : |b il. col., taules, gràfics ; |c 30 cm | ||
| 590 | |a A la part superior de la portada: Diputació de Barcelona, Xarxa de Municipis, Àrea de Gobern, Gabinet de Relacions Internacionals | ||
| 650 | |a Barcelona. Diputació. Gabinet de Relacions Internacionals | ||
| 901 | |a Arxiu | ||
| 942 | |n 1 | ||
| 952 | |0 0 |1 0 |4 0 |6 C2320 |7 1 |9 47727 |a Arxiu |b Arxiu |d 2016-12-01 |l 0 |o C-2-320 |p 15830 |r 2016-12-01 00:00:00 |w 2016-12-01 |y ARXIU | ||
| 999 | |c 51526 |d 51526 | ||